00385nam a2200133Ia 4500008004100000020001500041041001200056082001600068100001400084245010200098260003100200300000800231650001200239221030s9999 xx 000 0 und d a0754810879 aEnglish a105.23bOxl aC. Oxlade 0aHow Things Work : The Complete Illustrated Guide to the Amazing World of Technologycby C. Oxlade bLorenz BooksaLondonc2002 a512 aGeneral